Normal view
MARC view
- محمد الیاس عطار قادری رضوی
Entry Personal Name
001 - CONTROL NUMBER
- control field: 20701
003 - CONTROL NUMBER IDENTIFIER
- control field: NUST
005 - DATE AND TIME OF LATEST TRANSACTION
- control field: 20190916045950.0
008 - FIXED-LENGTH DATA ELEMENTS
- fixed length control field: 190916|| aca||aabn | a|a d
040 ## - CATALOGING SOURCE
- Original cataloging agency: NUST
- Transcribing agency: NUST
100 ## - HEADING--PERSONAL NAME
- Personal name: محمد الیاس عطار قادری رضوی
670 ## - SOURCE DATA FOUND
- Source citation: Work cat.: (NUST): محمد الیاس عطار قادری رضوی, کفریہ کلمات کے بارے میں سوال و جواب, 2009
